000 00640nam a2200241Ia 4500
003 OSt
005 20221007075039.0
006 a|||||r|||| 00| 0
007 ta
008 221006b |||||||| |||| 00| 0 eng d
024 _a20,694
037 _cTextual
040 _aFLL
_cFLL
_beng
041 _2eng
_aeng
082 _aZ2,1,6qN25, P2
100 _aSubramani S.S. Au.
_9693419
245 0 _aIndian succession act 1925
250 _a9th
260 _aNew Delhi
_bButterworths India
_c2002
300 _a1461p
_ccm.
942 _hZ2,1,6qN25, P2
_cTEXL
_2CC
999 _c1154621
_d1154621